South or North India? - Statistics

General Stats
  • This quiz has been taken 171 times
  • The average score is 8 of 10
Answer Stats
Question Answer % Correct
Is New Delhi in South or North India? North
97%
Is Jaipur in South or North India North
97%
Is Lucknow in South or North India? North
97%
Is Chennai in South or North India? South
97%
Is Hyderabad in South or North India? South
94%
Is Coimbatore in South or North India? South
91%
Is Ahmedabad in South or North India? North
85%
Is Indore in South or North India? North
85%
Is Pune in South or North India? South
41%
Is Mumbai in South or North India? South
35%
No matching quizzes found
Score Distribution
Percent of People with Each Score
Percentile by Number Answered
Your Score History
You have not taken this quiz